Society and education

Αποθηκεύτηκε σε:
Λεπτομέρειες βιβλιογραφικής εγγραφής
Κύριος συγγραφέας: Levine, Daniel U. 1935-
Άλλοι συγγραφείς: Levine, Rayna F. 1938-
Μορφή: Βιβλίο
Γλώσσα:English
Δημοσίευση: Boston : Allyn and Bacon, 1996
Έκδοση:9th ed.
Θέματα:
Ετικέτες: Προσθήκη ετικέτας
Δεν υπάρχουν, Καταχωρήστε ετικέτα πρώτοι!

MARC

LEADER 00000nam a2200000 i 4500
001 1/94110
008 991125s1996 eng d
020 |a 0-205-18935-0 
035 |l 10054675 
040 |a GR-MY-UA  |b gre  |e aacr 
041 0 |a eng 
082 0 |a 370.190973 
100 1 |a Levine, Daniel U.  |d 1935- 
245 1 0 |a Society and education /  |c Daniel U. Levine, Rayna F. Levine 
250 |a 9th ed. 
260 |a Boston :   |b Allyn and Bacon,   |c 1996 
300 |a 528 p. 
650 0 0 |a Educational sociology  |z United States. 
650 0 0 |a Educational equalization  |z United States. 
650 0 0 |a Minorities  |x Education  |z United States. 
650 0 0 |a Pluralism (Social sciences)  |z United States. 
700 1 |a Levine, Rayna F.  |d 1938- 
852 |a INST  |b RHODES  |e 19991125  |h 370.190973 LEV  |p 005400012485  |q 005400012485  |t BK  |y 0 
901 |a BIBL4-1999-3 
909 |a Ρ  |b 069213 
922 |a 4ΕΛΗ  |b 199909  |c ΚΠΣ/154  |d GLORY BOOKS 
970 |a ΚΟΥΛΑΚΙΟΤΗ  |b ΛΙΤΣΑ  |z 1999/11/25